| 000 | 02345nam a22001577a 4500 | ||
|---|---|---|---|
| 020 | _a9502107357 | ||
| 080 | _a35 D 567 | ||
| 100 | _aDiez, Manuel Maria | ||
| 245 | _aManual de Derecho Administrativo | ||
| 250 | _a9° Ed. | ||
| 260 |
_aBuenos Aires: _bPlus Ultra, _c 1979- 1997 |
||
| 300 | _a V 1: 431 P. V 2: 589 P. | ||
| 650 |
_xderecho administrativo _xadministracion publica _xfisco _xactividad reglada _xactividad discrecional _xcontrol judicial _xfuncion consultiva _xfuncion de control _xderecho procesal _xderecho penal _xderecho internacional publico _xderecho politico _xderecho municipal _xfuentes _xConstitucion _xley _xreserva legal _xdecreto- ley _xreglamentos autonomos _xreglamentos _xreglamentos de necesidad y urgencia _xcostumbre _xequidad _xjurisprudencia _xdoctrina _xactos administrativos _xnulidad _xextincion _xlicitacion _xlicitacion publica _xpliego de condiciones _xcontratos administrativos _xobra publica _xcontrato de suministros _xservicios publicos _xcreacion _xmodificacion _xsupresion _xusuarios _xderechos _xobligaciones _xconcesion _xconcesionario _xconcedente _xderechos _xobligaciones _xplazo _xextincion _xprestacion _xdeber publico _xfuncionario publico _xfuncion publica _xcarga publica _xestatuto _xingreso _xconcurso _xidoneidad _xaptitud tecnica _xincapacidad _xnombramientos con acuerdo del Senado _xreincorporacion _xdeberes _xobediencia jerarquica _xlealtad _xdignidad _xdedicacion _xincumplimiento _xsanciones disciplinarias _xderechos _xestabilidad _xcarrera _xdescanso _xhuelga _xresponsabilidad _xjubilacion _xpension _xprescindibilidad _xfuncionarios de facto _xactividad administrativa _xexpropiacion por causa de utilidad publica _xbienes dominiales _xindemnizacion _xrequisa _xconfiscacion _xcomiso _xbienes del Estado _xdominio publico _xproteccion _xcreacion _xextincion _xuso comun _xuso especial _xpermiso de ocupacion _xresponsabilidad aquiliana _xresponsabilidad contractual _xresponsabilidad extracontractual _xresponsabilidad civil _xculpa _xdolo _xjurisprudencia Corte Suprema _xintereses legitimos _xderechos subjetivos _xcontrol de la administracion _xcontrol parlamentario _xcontrol judicial _xombudsmand _xprocedimiento administrativo _xcontrol administrativo _xrecursos administrativos _xreconsideracion _xjerarquico _xsilencio _xrevision _xqueja _xaclaratoria _xreclamacion administrativa previa _xley 3952 _xdemandas contra el Estado _xley 19549 |
||
| 942 | _6_ | ||
| 945 |
_acd _d2024-06-07 |
||
| 999 |
_c5399 _d235903 |
||